000 01065nam a2200241 a 4500
001 000041117
005 20201002034631.0
008 130918s1993 sp r 001 0 spa d
040 _aDO-SdBNP
_bspa
_cBNPHU
082 _axxxx
_bxxxx
100 1 _aLohmann Villena, Guillermo
_93144
245 1 0 _aLos americanos en las órdenes nobiliarias /
_cGuillermo Lohman Villena.
250 _a2a ed
260 _aMadrid :
_bConsejo Superior de Investigaciones Científicas,
_c1993.
300 _av. ;
_c25 cm.
490 1 _aBiblioteca de historia de América
_v7
500 _alos dos volúmenes de esta obra son reimpresión de la original publicada en 1947, y recogen las genealogías de los caballeros americanos miembros de las cinco órdenes militares españolas.
504 _aIncluye referencias bibliográficas y notas al pie de las páginas
590 _aInventariado, 2019/BT
700 1 _aSolano, Francisco de,
_ePreambulo
_915306
710 2 _aConsejo Superior de Investigaciones Científicas
_94786
830 0 _aBiblioteca de historia de América
_n7
_967662
999 _c40607
_d40607